Datum a čas kvízu
30.5
Celkem bodů
Celkový počet nahraných bodů na tomto kvízu bez doplňovacích otázek.
7.
Pořadí na kvízu
Konečné umístění týmu na tomto kvízu.
Zaznamenané odpovědi
| # | Otázka | Odpověď | Body | Výsledky |
|---|---|---|---|---|
| 1. | Město Praha minulý týden oznám... | o jednorázové plastové nádobí | 0 | |
| 2. | Jak se jmenuje město, které by... | Vladivostok | 1 | |
| 3. | Hlavní roli v pětadvacátém fil... | Rami Malek | 1 | |
| 4. | Jistý český internetový portál... | Seznam.cz | 0 | |
| 5. | Petra Kvitová se na antukovém... | Stuttgart | 1 | |
| 6. | Na obrázku vidíme nizozemské m... | Gouda | 1 | |
| 7. | Jak se jmenuje bývalá nizozems... | Beatrix | 1 | |
| 8. | Nizozemsko se může pyšnit slav... | brambory | 1 | |
| 9. | Nadnárodní společnost, která s... | Ahold | 1 | |
| 10. | Mezi nejoblíbenější sporty v N... | Hendrik Johannes Cruijff (Johan Cruyff) | 0 |